| 000 | 00000nam 2200000za 4500 |
| 001 | 9.700299 |
| 003 | CaOODSP |
| 005 | 20221107134536 |
| 007 | cr ||||||||||| |
| 008 | 150407s1977 oncab #o f000 0 eng d |
| 040 | |aCaOODSP|beng |
| 043 | |an-cn-nt |
| 086 | 1 |aCP32-25/1977-1E-PDF |
| 245 | 00|aNorthern frontier, northern homeland |h[electronic resource] :|bthe report of the Mackenzie Valley Pipeline Inquiry, volume one / |cThomas R. Berger. |
| 246 | 30|aReport of the Mackenzie Valley Pipeline Inquiry, volume 1 |
| 260 | |aOttawa : |bSupply and Services Canada, |cc1977 |
| 300 | |a1 v. (various pagings).|bill. (some col.), maps (some col.) |
| 500 | |aDigitized edition from print [produced by Privy Council Office]. |
| 500 | |aIssued also in French under title: Le nord : terre lointaine, terre ancestrale : rapport de l'enquête sur le pipeline de la vallée du Mackenzie : vol. I. |
| 590 | |a15-03-Supp|b2015-03-13 |
| 692 | 07|2gccst|aPipelines |
| 692 | 07|2gccst|aEnvironmental impact |
| 700 | 1 |aBerger, Thomas R. |
| 710 | 1 |aCanada. |bPrivy Council Office. |
| 710 | 2 |aMackenzie Valley Pipeline Inquiry (Canada) |
| 775 | 08|tLe nord |w(CaOODSP)9.831774 |
| 856 | 40|qPDF|s209.3 MB|uhttps://publications.gc.ca/collections/collection_2015/bcp-pco/CP32-25-1977-1-eng.pdf |